| 000 | 00348nam a22001337a 4500 | ||
|---|---|---|---|
| 003 | PILC | ||
| 005 | 20160204091221.0 | ||
| 008 | 160204b xxu||||| |||| 00| 0 eng d | ||
| 050 |
_aPE 1128 _b.En58 2005 |
||
| 245 | _aEnglish plus handbook / | ||
| 260 |
_aManila : _bManila Doctos College, _c2005. |
||
| 300 |
_a210 pages ; _c23 cm. |
||
| 942 |
_2lcc _cBK |
||
| 999 |
_c290464 _d290464 |
||